| 000 | 00638nam a22001817a 4500 | ||
|---|---|---|---|
| 999 |
_c60857 _d60857 |
||
| 005 | 20231110163608.0 | ||
| 008 | 231110s1998 ru ||||| |||| 00| 0 rus d | ||
| 020 | _a5778400217 | ||
| 041 | _arus | ||
| 080 | _a1(37/38)(042) M-22 | ||
| 100 |
_aМамардашвили, Мераб _920330 |
||
| 245 |
_aЛекции по античной философии / _cМераб Мамардашвили. |
||
| 264 |
_aМ.: _bАграф, _c1998. |
||
| 300 |
_a320 стр.; _b20 смю |
||
| 440 |
_aПуть к очевидности _920331 |
||
| 653 | _aანტიკური ფილოსოფია | ||
| 942 |
_2udc _cᲬᲘᲒᲜᲘ |
||